000 00598cam a22002171 4500
001 sa 68002240
003 DLC
005 20260227112441.0
008 890713s1967 ii b 000 0 beno
010 _asa 68002240
035 _a(OCoLC)20006649
040 _aDLC
_cWaU
_dDLC
050 0 0 _aPK15
_b.H3
100 1 _aHaldar, Gopal,
_d1902-
245 1 0 _aBhāratera bhāshā.
260 _c[1967]
300 _a[10], 133 p.
_c23 cm.
500 _aIn Bengali.
504 _aBibliographical references included in list of abbreviations: p. [6] (1st group)
651 0 _aIndia
_xLanguages
_xHistory.
999 _c78553
_d78553